كن زهرة و غن / (رقم التسجيلة. 17019)
[ عرض عادي ]
| 000 -LEADER | |
|---|---|
| fixed length control field | 00612nam a22001937a 4500 |
| 005 - DATE AND TIME OF LATEST TRANSACTION | |
| control field | 20251108164911.0 |
| 008 - FIXED-LENGTH DATA ELEMENTS--GENERAL INFORMATION | |
| fixed length control field | 250721s1994 xx 000 0 ara d |
| 082 14 - DEWEY DECIMAL CLASSIFICATION NUMBER | |
| Classification number | 811.9611/بقل |
| 100 1# - MAIN ENTRY--PERSONAL NAME | |
| Personal name | البقلوطي، محمد |
| 245 10 - TITLE STATEMENT | |
| Title | كن زهرة و غن / |
| 264 1# - PRODUCTION, PUBLICATION, DISTRIBUTION, MANUFACTURE, AND COPYRIGHT NOTICE | |
| Place of production, publication, distribution, manufacture | عمان : |
| Name of producer, publisher, distributor, manufacturer | الإتحاد العام للأدباء و الكتاب العرب - الأمانة العامة، |
| Date of production, publication, distribution, manufacture, or copyright notice | 1994. |
| 300 ## - PHYSICAL DESCRIPTION | |
| Extent | 56ص. |
| 490 0# - SERIES STATEMENT | |
| Series statement | الإصدارات الشعرية |
| 650 17 - SUBJECT ADDED ENTRY--TOPICAL TERM | |
| Topical term or geographic name as entry element | الشعر العربي |
| 650 17 - SUBJECT ADDED ENTRY--TOPICAL TERM | |
| Topical term or geographic name as entry element | العصر الحديث |
| 650 17 - SUBJECT ADDED ENTRY--TOPICAL TERM | |
| Topical term or geographic name as entry element | تونس |
| 942 ## - ADDED ENTRY ELEMENTS (KOHA) | |
| Source of classification or shelving scheme | Dewey Decimal Classification |
| Koha item type | كتب |
| حالة السحب | حالة الفقدان | مصدر التصنيف | حالة التلف | غير قابل للإعارة | المكتبة الرئيسية | المكتبة الحالية | موقع الرف | تاريخ التزويد | الرقم المتسلسل | Total Checkouts | رقم الإستدعاء | الباركود | تاريخ آخر ظهور | تاريخ الفاتورة | نوع المادة (كوها) |
|---|---|---|---|---|---|---|---|---|---|---|---|---|---|---|---|
| Dewey Decimal Classification | المكتبة المركزية | المكتبة المركزية | الإعارة | 12/07/2004 | 199041 | 811.9611/بقل | 199041 | 28/07/2025 | 12/07/2004 | كتب | |||||
| Dewey Decimal Classification | المكتبة المركزية | المكتبة المركزية | الإعارة | 12/07/2004 | 199040 | 811.9611/بقل | 199040 | 28/07/2025 | 12/07/2004 | كتب | |||||
| Dewey Decimal Classification | مكتبة أبو علندا العامة | مكتبة أبو علندا العامة | الإعارة | 12/07/2004 | 707 | 811.9611/بقل | DUP-01_707 | 28/07/2025 | 12/07/2004 | كتب | |||||
| Dewey Decimal Classification | مكتبة الأميرة ايمان العامة | مكتبة الأميرة ايمان العامة | الإعارة | 03/12/2013 | [2434] | 811.9611/بقل | PLD00288964 | 28/07/2025 | 03/12/2013 | كتب | |||||
| Dewey Decimal Classification | Unchecked | مكتبة النصر العامة | مكتبة النصر العامة | الإعارة | 12/07/2004 | 6439 | 811.9611/بقل | 28/07/2025 | 12/07/2004 | كتب | |||||
| Dewey Decimal Classification | Unchecked | مكتبة صويلح العامة | مكتبة صويلح العامة | الإعارة | 12/07/2004 | 9084 | 811.9611/بقل | 28/07/2025 | 12/07/2004 | كتب | |||||
| Dewey Decimal Classification | Unchecked | مكتبة وادي السير العامة | مكتبة وادي السير العامة | الإعارة | 12/07/2004 | 4822 | 811.9611/بقل | 28/07/2025 | 12/07/2004 | كتب |